[Event "19e Open de Saint-Affrique"]
[Site "Saint Affrique (12)"]
[Date "2011.07.26"]
[Round "5.5"]
[White "Petitcunot, Pierre"]
[Black "Iwanesko, Alexandre"]
[Result "0-1"]
[WhiteElo "2414"]
[BlackElo "2217"]
[PlyCount "76"]
[EventDate "2011.??.??"]

1. e4 d6 2. d4 f5 3. Nc3 fxe4 4. Nxe4 Nf6 5. Bd3 Nc6 6. Ng5 g6 7. c3 Bg7 8. h4
e5 9. h5 exd4 10. hxg6 Qe7+ 11. Ne2 Bd7 12. Kf1 Ne5 13. cxd4 Nxg6 14. Rxh7
O-O-O 15. Rxh8 Rxh8 16. Bxg6 Rh1+ 17. Ng1 Ng4 18. N5f3 Qe6 19. Bc2 Bb5+ 20. Bd3
Qf5 21. Ke2 Nxf2 22. Kxf2 Bxd3 23. Be3 Bf6 24. Ke1 Qe4 25. Kd2 Ba6 26. Qc2 Qg4
27. Re1 Qxg2+ 28. Kc1 Qg4 29. Nh2 Qg7 30. Qf5+ Kb8 31. Nhf3 b6 32. Bg5 Bxg5+
33. Qxg5 Qf7 34. Kb1 Rh5 35. Qd8+ Kb7 {#} 36. Ka1 (36. Re8) 36... Ra5 37. Kb1
Qxa2+ 38. Kc2 Qc4+ 0-1

[Event "19e Open de Saint-Affrique"]
[Site "Saint Affrique (12)"]
[Date "2011.07.26"]
[Round "5.6"]
[White "Delorme, Laurie"]
[Black "Milchev, Nikolay"]
[Result "0-1"]
[WhiteElo "2215"]
[BlackElo "2388"]
[PlyCount "72"]
[EventDate "2011.??.??"]

1. d4 Nf6 2. c4 c5 3. d5 e5 4. Nc3 d6 5. Bg5 Be7 6. e3 Na6 7. Qd2 Bf5 8. f3 h6
9. Bh4 Nxd5 10. Bxe7 Nxe7 11. Rd1 Nc8 12. Bd3 Bxd3 13. Qxd3 O-O 14. Nge2 Nb4
15. Qe4 f5 16. Qb1 Qh4+ 17. g3 Qxc4 18. O-O Qe6 19. a3 Nc6 20. Nd5 Rf7 21. b4
Nb6 22. Nec3 Nxd5 23. Rxd5 Ne7 24. Rd2 c4 25. Rfd1 Rd8 26. Nd5 Nxd5 27. Rxd5
Rc7 28. Qc2 c3 29. Rc5 Rdc8 30. Rcd5 Rc6 31. b5 Rb6 32. a4 a6 33. a5 Rxb5 34.
Rxd6 Qe8 35. Qxf5 c2 36. Rc1 e4 {#} 0-1

[Event "19e Open de Saint-Affrique"]
[Site "Saint Affrique (12)"]
[Date "2011.07.26"]
[Round "5.8"]
[White "Dussol, Pierre"]
[Black "Mladenov, Plamen"]
[Result "1/2-1/2"]
[WhiteElo "2205"]
[BlackElo "2391"]
[PlyCount "120"]
[EventDate "2011.??.??"]

1. d4 Nf6 2. Nf3 g6 3. c4 Bg7 4. Nc3 d5 5. cxd5 Nxd5 6. e4 Nxc3 7. bxc3 O-O 8.
Rb1 c5 9. Be3 Qa5 10. Qd2 cxd4 11. cxd4 Qxd2+ 12. Kxd2 Nc6 13. d5 Rd8 14. Bd3
Na5 15. Bg5 Kf8 16. Rhc1 Bd7 17. Rc5 b6 18. Rc7 h6 19. Bh4 g5 20. Bg3 Bc8 21.
Ke3 e6 22. d6 f6 23. Rbc1 Bd7 24. Nd4 e5 25. Nb3 Nxb3 26. axb3 h5 27. f3 Ke8 {#
} 28. Bb5 Bxb5 29. Rxg7 Rac8 30. Rcc7 Rxc7 31. dxc7 Rc8 32. h4 Kf8 33. Rh7 Kg8
34. Rxh5 g4 35. fxg4 Rxc7 36. Be1 Kg7 37. g5 Rc2 38. gxf6+ Kxf6 39. Rf5+ Ke6
40. Kf3 Be2+ 41. Ke3 Bg4 42. Rf2 Rc1 43. Bd2 Rb1 44. Bc3 Rxb3 45. Kd2 Ra3 46.
Rf8 Ra2+ 47. Kd3 Rxg2 48. Re8+ Kd7 49. Rxe5 Be2+ 50. Kd4 Rg3 51. Rd5+ Kc6 52.
Be1 Rg1 53. Bf2 Rg7 54. Rg5 Rf7 55. Ke3 Bd1 56. Rf5 Rh7 57. Rf6+ Kb5 58. Kd2
Bb3 59. Kc3 Ba2 60. e5 Rh5 1/2-1/2

[Event "19e Open de Saint-Affrique"]
[Site "Saint Affrique (12)"]
[Date "2011.07.26"]
[Round "5.9"]
[White "Milesi, Laurent"]
[Black "Milliet, Sophie"]
[Result "0-1"]
[WhiteElo "2122"]
[BlackElo "2355"]
[PlyCount "86"]
[EventDate "2011.??.??"]

1. f4 d5 2. g3 g6 3. Bg2 Bg7 4. Nf3 Nf6 5. O-O O-O 6. d3 Nc6 7. c3 Qd6 8. Na3
e5 9. fxe5 Nxe5 10. Nxe5 Qxe5 11. Bf4 Qe7 12. Qd2 Nh5 13. Bg5 Qe6 14. Rae1 Bd7
15. Nc2 Qb6+ 16. d4 Be6 17. Ne3 Qd6 18. Nd1 f5 19. Nf2 {#} 19... f4 20. g4 h6
21. Bh4 Nf6 22. Bxf6 Bxf6 23. e4 Bh4 24. exd5 Bxd5 25. Bxd5+ Qxd5 26. Re5 Qf3
27. Qc2 Kh7 28. g5 hxg5 29. Ne4 Qg4+ 30. Kh1 Kh6 31. Qd3 f3 32. Rg1 Qf4 33. Re6
Qf5 34. d5 Rae8 35. Rf1 f2 36. Kg2 Rxe6 37. dxe6 Qxe6 38. Nxf2 Bxf2 39. Rxf2
Rxf2+ 40. Kxf2 Qf5+ 41. Ke2 Qe5+ 42. Kd1 Qxh2 43. Qd4 Qd6 0-1

[Event "19e Open de Saint-Affrique"]
[Site "Saint Affrique (12)"]
[Date "2011.07.26"]
[Round "5.10"]
[White "Bissieres, Matthieu"]
[Black "Youssoupov, Moisse"]
[Result "1-0"]
[WhiteElo "2352"]
[BlackElo "2139"]
[PlyCount "75"]
[EventDate "2011.??.??"]

1. e4 d5 2. exd5 Qxd5 3. Nc3 Qa5 4. Bc4 Nf6 5. d3 Bg4 6. Nge2 c6 7. O-O e6 8.
f3 Qb6+ 9. Kh1 Bf5 10. Ng3 Bg6 11. Qe2 Nbd7 12. f4 O-O-O 13. Be3 Qxb2 14. Nce4
Bxe4 15. dxe4 Bc5 16. Rab1 Qa3 17. Bc1 Qa5 18. Bd2 Qc7 19. e5 Nd5 20. Ne4 Be7
21. a4 Nc5 22. Nxc5 Bxc5 23. a5 Rd7 24. Rb3 Qd8 25. Rfb1 Kb8 26. Bd3 Ka8 27.
Qf3 Rc7 28. Be4 Qc8 29. f5 exf5 30. Bxf5 Qe8 31. c4 Ne7 32. Be4 Qd7 33. Bg5 Qe6
{#} 34. Bxe7 Qxe7 35. Rxb7 Rxb7 36. Bxc6 Rhb8 37. a6 Bb6 38. c5 1-0

[Event "19e Open de Saint-Affrique"]
[Site "Saint Affrique (12)"]
[Date "2011.07.26"]
[Round "5.14"]
[White "Peric, Slavisa"]
[Black "Pruvot, Louis"]
[Result "0-1"]
[WhiteElo "2258"]
[BlackElo "1997"]
[PlyCount "60"]
[EventDate "2011.??.??"]

1. d4 Nf6 2. Nf3 g6 3. c4 Bg7 4. Nc3 d5 5. cxd5 Nxd5 6. Bd2 O-O 7. e4 Nxc3 8.
Bxc3 c5 9. d5 Bxc3+ 10. bxc3 Bg4 11. Be2 Nd7 12. Nd2 Bxe2 13. Qxe2 Qc7 14. c4
e6 15. O-O Rfe8 16. f4 exd5 17. cxd5 Nf6 18. Qf3 Rad8 19. Rac1 b5 20. Rf2 c4 {#
} 21. d6 Qxd6 22. e5 Qb6 23. Nf1 Rd3 24. Qe2 Nd5 25. f5 Nc3 26. Qe1 Qd4 27. e6
Ne4 28. exf7+ Kxf7 29. fxg6+ Kxg6 30. Rcc2 Rf8 0-1

[Event "19e Open de Saint-Affrique"]
[Site "Saint Affrique (12)"]
[Date "2011.07.26"]
[Round "5.29"]
[White "Lewis, John"]
[Black "Colandrea, Sauveur"]
[Result "1-0"]
[WhiteElo "2107"]
[BlackElo "1821"]
[PlyCount "43"]
[EventDate "2011.??.??"]

1. d4 d6 2. Nf3 Bg4 3. h3 Bxf3 4. exf3 g6 5. Nc3 Bg7 6. Be3 Nd7 7. Qd2 Ngf6 8.
O-O-O O-O 9. Bh6 c5 10. d5 a6 11. h4 b5 12. h5 Qa5 13. Kb1 Ne5 14. g4 Nc4 15.
Bxc4 bxc4 16. Bxg7 Kxg7 17. hxg6 fxg6 18. Qh6+ Kf7 19. g5 Rfb8 20. gxf6 Rxb2+
21. Kxb2 Rb8+ 22. Kc1 1-0

[Event "19e Open de Saint-Affrique"]
[Site "Saint Affrique (12)"]
[Date "2011.07.26"]
[Round "5.33"]
[White "Riviere, Gerard"]
[Black "Duff, Rufus"]
[Result "0-1"]
[WhiteElo "1646"]
[BlackElo "1973"]
[PlyCount "48"]
[EventDate "2011.??.??"]

1. d4 d5 2. Nf3 Nf6 3. g3 c6 4. Bg2 Bf5 5. O-O e6 6. c4 Be7 7. cxd5 exd5 8. Nc3
O-O 9. Nh4 Be6 10. Nf3 Nbd7 11. Bg5 h6 12. Bxf6 Nxf6 13. Rc1 Ne4 14. Nd2 f5 15.
f3 Nd6 16. e4 fxe4 17. fxe4 Rxf1+ 18. Qxf1 Nxe4 19. Ndxe4 dxe4 20. Bxe4 Qxd4+
21. Kh1 Rf8 22. Qe2 Rf2 23. Qh5 Bf7 24. Qg4 Qd2 0-1

[Event "19e Open de Saint-Affrique"]
[Site "Saint Affrique (12)"]
[Date "2011.07.26"]
[Round "5.36"]
[White "Kohi, Camilla"]
[Black "Drogou, Gerard"]
[Result "1-0"]
[WhiteElo "1790"]
[BlackElo "2106"]
[PlyCount "57"]
[EventDate "2011.??.??"]

1. d4 Nf6 2. c4 e6 3. Nf3 c5 4. g3 cxd4 5. Nxd4 d5 6. Bg2 Be7 7. O-O O-O 8.
cxd5 Nxd5 9. Nb5 Nc6 10. N1c3 a6 11. Nxd5 exd5 12. Nd4 Nxd4 13. Qxd4 Be6 14.
Bf4 Qa5 15. Bd2 Qb5 16. e3 Bf6 17. Qb4 Bxb2 18. Rab1 Bf6 19. Qxf8+ Kxf8 20.
Rxb5 axb5 21. a3 Rxa3 22. Bb4+ Be7 23. Bxa3 Bxa3 24. Rb1 b4 25. Rd1 Bg4 26.
Rxd5 Be6 27. Rb5 f5 28. Bd5 Bd7 29. Rxb7 1-0

[Event "19e Open de Saint-Affrique"]
[Site "Saint Affrique (12)"]
[Date "2011.07.26"]
[Round "5.44"]
[White "Pinel, Jeremy"]
[Black "Marsaudon, Eric"]
[Result "0-1"]
[WhiteElo "1924"]
[BlackElo "1738"]
[PlyCount "96"]
[EventDate "2011.??.??"]

1. e4 d6 2. d4 Nf6 3. Nc3 g6 4. Nf3 Bg7 5. Bc4 O-O 6. Be3 c6 7. a4 Nxe4 8. Nxe4
d5 9. Ned2 dxc4 10. Nxc4 Bg4 11. h3 Bf5 12. c3 Qd5 13. Qe2 Nd7 14. O-O f6 15.
Rfd1 b5 16. Ncd2 Rfb8 17. a5 Qf7 18. g4 Be6 19. Bf4 Re8 20. Re1 Bd5 21. Ne4 h6
22. Nfd2 f5 23. gxf5 gxf5 24. Ng3 e5 25. dxe5 Nxe5 26. Bxe5 Rxe5 27. Qd3 Rae8
28. Rxe5 Rxe5 29. Nf3 Bxf3 30. Qxf3 f4 31. Ne4 Qg6+ 32. Kf1 Qxe4 33. Qxe4 Rxe4
34. Rd1 Re7 35. Rd8+ Kf7 36. Rc8 f3 37. Rxc6 Bf6 38. Rc5 Rd7 39. Ke1 a6 40. Rc6
Bg5 41. Rxa6 Bd2+ 42. Kd1 Bxc3+ 43. Kc2 Bd4 44. Rxh6 Bxf2 45. Rh5 Kf6 46. Rxb5
Be3 47. Rb8 f2 48. Rf8+ Rf7 0-1

[Event "19e Open de Saint-Affrique"]
[Site "Saint Affrique (12)"]
[Date "2011.07.26"]
[Round "5.66"]
[White "Desarnaud, Manon"]
[Black "Suescun, Melanie"]
[Result "0-1"]
[WhiteElo "1732"]
[BlackElo "1540"]
[PlyCount "36"]
[EventDate "2011.??.??"]

1. Nf3 Nf6 2. d4 d5 3. e3 e6 4. c4 Be7 5. Nc3 Nbd7 6. cxd5 Nxd5 7. Nxd5 exd5 8.
Bd3 Nf6 9. Qc2 c6 10. O-O Bd6 11. h3 Be6 12. Qb3 Qc8 13. Re1 O-O 14. Bd2 {#}
14... Bxh3 15. gxh3 Qxh3 16. Qd1 Ng4 17. Bf1 Bh2+ 18. Kh1 Nxf2# 0-1

[Event "19e Open de Saint-Affrique"]
[Site "Saint Affrique (12)"]
[Date "2011.07.27"]
[Round "6.4"]
[White "Flear, Glenn C"]
[Black "Dussol, Pierre"]
[Result "1-0"]
[WhiteElo "2483"]
[BlackElo "2205"]
[PlyCount "49"]
[EventDate "2011.??.??"]

1. d4 d6 2. c4 Nd7 3. Nc3 e5 4. Nf3 g6 5. e4 Bg7 6. Be2 Ne7 7. h4 h6 8. Be3 f5
9. dxe5 dxe5 10. g3 O-O 11. c5 f4 12. gxf4 exf4 13. Bd4 Nc6 14. Qb3+ Kh8 15.
Bxg7+ Kxg7 16. Nd5 Nf6 17. Qc3 Kh7 {#} 18. Ng5+ hxg5 19. hxg5+ Nh5 20. Bxh5
Qxg5 21. Bg4+ Qh6 22. Rxh6+ Kxh6 23. Qh3+ Kg7 24. Bxc8 Raxc8 25. Qd7+ 1-0

[Event "19e Open de Saint-Affrique"]
[Site "Saint Affrique (12)"]
[Date "2011.07.27"]
[Round "6.5"]
[White "Bedouin, Xavier"]
[Black "Crouan, Stephane"]
[Result "1/2-1/2"]
[WhiteElo "2410"]
[BlackElo "2198"]
[PlyCount "82"]
[EventDate "2011.??.??"]

1. d4 Nf6 2. c4 e6 3. g3 c5 4. Nf3 cxd4 5. Nxd4 Bb4+ 6. Nc3 Ne4 7. Qd3 Nxc3 8.
bxc3 Be7 9. Bg2 O-O 10. O-O Nc6 11. Nb5 a6 12. Nd6 Ne5 13. Qd4 Bxd6 14. Qxd6
Nxc4 15. Qc5 d5 16. e4 b6 17. Qd4 Bb7 18. Rd1 e5 19. Qd3 dxe4 20. Qe2 Qc7 21.
Bxe4 Bxe4 22. Qxe4 Rad8 23. Be3 h6 24. a4 f5 25. Qf3 f4 26. gxf4 Nxe3 27. fxe3
Rxd1+ 28. Rxd1 exf4 29. e4 Qc6 30. Qd3 Qxa4 31. Qd5+ Kh8 32. Rf1 f3 33. Qd6 Qe8
{#} 34. e5 Rf5 35. Qxb6 Qxe5 36. Qxa6 Rg5+ 37. Kh1 Qe4 38. Rf2 Qe1+ 39. Qf1
Qxc3 40. Rxf3 Qc6 41. Qd3 Qc1+ 1/2-1/2

[Event "19e Open de Saint-Affrique"]
[Site "Saint Affrique (12)"]
[Date "2011.07.27"]
[Round "6.6"]
[White "Milliet, Sophie"]
[Black "Vanderbeeken, Mikael"]
[Result "1-0"]
[WhiteElo "2355"]
[BlackElo "2171"]
[PlyCount "55"]
[EventDate "2011.??.??"]

1. e4 e6 2. d4 d5 3. e5 c5 4. c3 Qb6 5. Nf3 Bd7 6. Bd3 Nc6 7. dxc5 Bxc5 8. O-O
h6 9. b4 Bf8 10. h4 Nge7 11. Na3 Nc8 12. Be3 Qd8 13. Nb5 a6 14. Nbd4 Be7 15. h5
N8a7 16. Nb3 Qc7 17. Re1 Nb5 18. Bd2 Na3 19. Qe2 Na7 20. Nfd4 Rc8 21. Qg4 Bf8
22. Nc5 b6 {#} 23. Ncxe6 Bxe6 24. Nxe6 fxe6 25. Qxe6+ Be7 26. Bg6+ Kd8 27. Be3
Nc4 28. Rad1 1-0

[Event "19e Open de Saint-Affrique"]
[Site "Saint Affrique (12)"]
[Date "2011.07.27"]
[Round "6.7"]
[White "Bollengier, Andreea"]
[Black "Bissieres, Matthieu"]
[Result "1/2-1/2"]
[WhiteElo "2207"]
[BlackElo "2352"]
[PlyCount "41"]
[EventDate "2011.??.??"]

1. c4 g6 2. e4 Bg7 3. d4 d6 4. Nc3 Nd7 5. h3 e5 6. Nf3 Ne7 7. Be2 O-O 8. O-O
exd4 9. Nxd4 Nc6 10. Be3 Re8 11. Qd2 Nf8 12. Rad1 Bd7 13. Rfe1 Ne6 14. Nxe6
Bxe6 15. Nd5 Bd7 16. f3 Ne5 17. Bg5 f6 18. Bh4 Nf7 19. Bf1 Bc6 20. Kh1 Ng5 21.
Qc2 1/2-1/2

[Event "19e Open de Saint-Affrique"]
[Site "Saint Affrique (12)"]
[Date "2011.07.27"]
[Round "6.8"]
[White "Fejzovski, Enver"]
[Black "Collas, Silvia"]
[Result "1/2-1/2"]
[WhiteElo "2156"]
[BlackElo "2323"]
[PlyCount "37"]
[EventDate "2011.??.??"]

1. Nf3 Nf6 2. c4 c5 3. g3 b6 4. Bg2 Bb7 5. b3 g6 6. Bb2 Bg7 7. g4 h6 {#} 8. h4
d6 9. g5 hxg5 10. hxg5 Rxh1+ 11. Bxh1 Nh5 12. Bxg7 Nxg7 13. d4 Qd7 14. d5 Qh3
15. Kd2 Nd7 16. Nc3 O-O-O 17. Qf1 Qh5 18. Bg2 Rh8 19. Qh1 1/2-1/2

[Event "19e Open de Saint-Affrique"]
[Site "Saint Affrique (12)"]
[Date "2011.07.27"]
[Round "6.9"]
[White "Rabineau, Clement"]
[Black "Loiseau, Quentin"]
[Result "1-0"]
[WhiteElo "2273"]
[BlackElo "2142"]
[PlyCount "69"]
[EventDate "2011.??.??"]

1. e4 e5 2. Nf3 Nc6 3. Bb5 a6 4. Bxc6 dxc6 5. d4 exd4 6. Qxd4 Qxd4 7. Nxd4 Bd7
8. Nc3 O-O-O 9. Be3 c5 10. Nde2 Bc6 11. f3 Bd6 12. Bf4 Be7 13. Kf2 h5 14. Rad1
Rf8 15. Nd5 f5 16. Be5 Rh7 {#} 17. Nef4 fxe4 18. Ne6 Bxd5 19. Nxf8 Bxf8 20.
Rxd5 Ne7 21. Rxc5 Nc6 22. Rd5 Nb4 23. Rd2 Nc6 24. Bf4 exf3 25. gxf3 Be7 26. Re1
g5 27. Be5 g4 28. fxg4 hxg4 29. Bg3 b6 30. c3 Kb7 31. Kg2 Bc5 32. b4 Bf8 33.
Red1 Re7 34. Rd7 Re2+ 35. Kf1 1-0

[Event "19e Open de Saint-Affrique"]
[Site "Saint Affrique (12)"]
[Date "2011.07.27"]
[Round "6.10"]
[White "Pruvot, Louis"]
[Black "Ravot, Sylvain"]
[Result "1/2-1/2"]
[WhiteElo "1997"]
[BlackElo "2267"]
[PlyCount "118"]
[EventDate "2011.??.??"]

1. d4 Nf6 2. Nf3 e6 3. c4 c5 4. d5 b5 5. dxe6 fxe6 6. cxb5 d5 7. e3 Bd6 8. Nc3
Bb7 9. e4 Nbd7 10. exd5 exd5 11. Bd3 O-O 12. O-O Qc7 13. Ne2 Ne4 14. Ng3 Rae8
15. a4 Re7 16. Qc2 Bf4 17. Bxf4 Qxf4 18. Rae1 Rfe8 19. Bxe4 dxe4 20. Nd2 Bd5
21. Nc4 Rf8 22. Ne3 Bb7 23. Nc4 Kh8 24. Qd2 Qxd2 25. Nxd2 a6 26. Re2 axb5 27.
axb5 Nf6 28. Rfe1 Rb8 29. Ndxe4 Bxe4 30. Nxe4 Rxe4 31. Rxe4 Nxe4 32. Rxe4 Kg8
33. f3 Rxb5 34. Re2 Kf7 35. Kf2 Rb3 36. Kg3 Kf6 37. Kf4 Rb4+ 38. Ke3 g5 39. Kd3
h5 40. Kc3 g4 41. fxg4 Rxg4 42. g3 h4 43. gxh4 Rxh4 44. b3 Kf7 45. Re5 Rxh2 46.
Rxc5 Ke6 47. Kc4 Kd6 48. Kb5 Rh8 49. Rc3 Rb8+ 50. Ka6 Kd5 51. Ka5 Ra8+ 52. Kb5
Rb8+ 53. Ka4 Ra8+ 54. Kb4 Rb8+ 55. Ka3 Ra8+ 56. Kb2 Ra6 57. Rc8 Rc6 58. Rb8 Kc5
59. Kc3 Rh6 1/2-1/2

[Event "19e Open de Saint-Affrique"]
[Site "Saint Affrique (12)"]
[Date "2011.07.27"]
[Round "6.25"]
[White "Remille, Tristan"]
[Black "Weil, Dany"]
[Result "1-0"]
[WhiteElo "2193"]
[BlackElo "1883"]
[PlyCount "45"]
[EventDate "2011.??.??"]

1. e4 e6 2. d4 d5 3. Nd2 Nf6 4. e5 Ng8 5. Bd3 b6 6. Ne2 Qd7 7. O-O Ba6 8. c4
Ne7 9. b3 Nbc6 10. Bb2 Nb4 11. Bb1 c5 12. a3 Nbc6 13. dxc5 bxc5 14. cxd5 Nxd5
15. Ne4 Rd8 16. Re1 Be7 17. N2g3 h5 18. Nxh5 Qc7 19. Qf3 Nd4 20. Bxd4 cxd4 21.
Nxg7+ Kd7 22. Qxf7 Rdf8 23. Qxe6+ 1-0

[Event "19e Open de Saint-Affrique"]
[Site "Saint Affrique (12)"]
[Date "2011.07.27"]
[Round "6.52"]
[White "Suescun, Melanie"]
[Black "Robert, Thierry"]
[Result "1-0"]
[WhiteElo "1540"]
[BlackElo "1784"]
[PlyCount "79"]
[EventDate "2011.??.??"]

1. e4 e5 2. Nf3 Nc6 3. Bb5 Nd4 4. Nxd4 exd4 5. d3 Bc5 6. Bf4 h5 7. h3 c6 8. Bc4
d5 9. exd5 cxd5 10. Bb3 Ne7 11. Nd2 Be6 12. Nf3 f6 13. Qe2 Kf7 14. c3 Qa5 15.
Bd2 dxc3 16. Bxc3 Bb4 17. Qd2 Nc6 18. a3 Rhe8 19. O-O Bxc3 20. Qxc3 Rac8 21.
Rac1 Qb6 22. Ba2 Ne5 23. Nxe5+ fxe5 24. Qxe5 Kg6 25. Rxc8 Rxc8 26. Bxd5 Bxd5
27. Qxd5 Rd8 28. Qe4+ Kh6 29. b4 Qa6 30. Qe3+ Kh7 31. d4 Qd6 32. Rd1 Qd5 33. f3
Kg8 34. Qe4 Qb3 35. Rd3 Qb2 36. d5 Qc1+ 37. Kf2 Rc8 38. Re3 Rc2+ 39. Kg3 Qd2
40. Qe8+ 1-0

[Event "Saint Affrique"]
[Site "Saint-Affrique"]
[Date "2011.07.23"]
[Round "1"]
[White "Lepeigneux, Jean Jacques"]
[Black "Mania, Clement"]
[Result "0-1"]
[WhiteElo "1589"]
[BlackElo "2130"]
[PlyCount "36"]
[EventDate "2011.??.??"]

{1MB, Rybka3Gen.ctg} 1. e4 c5 2. Nf3 Nc6 3. c3 Nf6 4. d3 g6 5. Be2 Bg7 6. Nbd2
O-O 7. h4 d5 8. Ng1 h5 9. f3 Qc7 10. Kf2 Rd8 11. exd5 Nxd5 12. Ne4 b6 13. g4 f5
14. gxh5 fxe4 15. hxg6 e3+ 16. Kf1 Bf5 17. h5 Bh6 18. Nh3 Qg3 0-1

[Event "Saint Affrique"]
[Site "Saint-Affrique"]
[Date "2011.07.24"]
[Round "2"]
[White "Mania, Clement"]
[Black "Noireaut, Hung"]
[Result "1/2-1/2"]
[WhiteElo "2130"]
[BlackElo "1828"]
[PlyCount "44"]
[EventDate "2011.??.??"]

{1MB, Rybka3Gen.ctg} 1. f4 d5 2. Nf3 Nf6 3. d3 c5 4. g3 Bf5 5. Bg2 e6 6. O-O
Be7 7. e3 Nc6 8. Qe2 Rc8 9. Nc3 O-O 10. e4 dxe4 11. dxe4 Bg4 12. Be3 Qb6 13.
Rab1 Nd4 14. Qf2 Nxf3+ 15. Bxf3 Bh3 16. Rfe1 Ng4 17. Bxg4 Bxg4 18. Qg2 f6 19.
f5 Bh5 20. fxe6 Qxe6 21. Nd5 Bg6 22. Bf4 Bd6 1/2-1/2

[Event "Saint Affrique"]
[Site "Saint-Affrique"]
[Date "2011.07.25"]
[Round "4"]
[White "Mania, Clement"]
[Black "Desarnaud, Manon"]
[Result "1-0"]
[WhiteElo "2130"]
[BlackElo "1732"]
[PlyCount "65"]
[EventDate "2011.??.??"]

{1MB, Rybka3Gen.ctg} 1. f4 e6 2. Nf3 d5 3. g3 c5 4. Bg2 Nc6 5. O-O b6 6. d3 Bb7
7. c3 Nf6 8. Qe1 d4 9. Na3 dxc3 10. bxc3 Bd6 11. Nc4 Bc7 12. Nfe5 Bxe5 13. fxe5
Nd7 14. Nd6+ Kf8 15. Nxb7 Qc7 16. Nd6 Ndxe5 17. Nc4 Nxc4 18. dxc4 Rd8 19. Bf4
Qc8 20. Rd1 Ke7 21. Qf2 Rhf8 22. Qf3 Na5 23. Qg4 Rg8 24. Qh4+ f6 25. Qxh7 Nxc4
26. Bh6 Rxd1 27. Rxd1 Kf7 28. Bf3 Kf8 29. Bf4 Ke7 30. Qe4 Na5 31. Bd6+ Kf7 32.
Qh7 f5 33. Bh5+ 1-0

[Event "Saint Affrique"]
[Site "Saint-Affrique"]
[Date "2011.07.27"]
[Round "6"]
[White "Mania, Clement"]
[Black "Dimitrov, Christo"]
[Result "1/2-1/2"]
[WhiteElo "2130"]
[BlackElo "2301"]
[PlyCount "77"]
[EventDate "2011.??.??"]

{1MB, Rybka3Gen.ctg} 1. f4 c5 2. Nf3 Nc6 3. g3 g6 4. Bg2 Bg7 5. O-O Rb8 6. a4
a6 7. d3 e6 8. c3 Nge7 9. e4 d6 10. Be3 O-O 11. Nbd2 b5 12. axb5 axb5 13. d4 c4
14. b3 d5 15. e5 Bd7 16. b4 Ra8 17. Rc1 Ra3 18. Qe1 Nc8 19. g4 Nb6 20. Nb1 Ra2
21. Qg3 f5 22. exf6 Bxf6 23. Ne5 Nxe5 24. dxe5 Bh4 25. Qh3 d4 26. Bxd4 Rxg2+
27. Qxg2 Nd5 28. Nd2 Rxf4 29. Ne4 Bc6 30. Rxf4 Nxf4 31. Nf6+ Bxf6 32. Qxc6 Bxe5
33. Rd1 Bxd4+ 34. cxd4 Qg5 35. Qf3 c3 36. h4 Qf6 37. Qa8+ Kg7 38. Qb7+ Kg8 39.
Qc8+ 1/2-1/2

[Event "19e Open de Saint-Affrique"]
[Site "Saint Affrique (12)"]
[Date "2011.07.29"]
[Round "7.1"]
[White "Degraeve, Jean-Marc"]
[Black "Milchev, Nikolay"]
[Result "1-0"]
[WhiteElo "2574"]
[BlackElo "2388"]
[PlyCount "213"]

1. e4 Nf6 2. e5 Nd5 3. d4 d6 4. c4 Nb6 5. exd6 exd6 6. Nc3 Be7 7. Bd3 Nc6 8.
Nge2 O-O 9. O-O Nb4 10. Bb1 a5 11. a3 Nc6 12. b3 g6 13. Bd3 Bf6 14. Be3 Bg7 15.
Rc1 Re8 16. Qd2 a4 17. b4 d5 18. Nxd5 Nxd5 19. cxd5 Qxd5 20. b5 Na5 21. Rxc7
Bf8 22. b6 Bxa3 23. Nc3 Qe6 24. d5 Qe5 25. Nb5 Nb3 26. Qd1 Bb2 27. Bc4 a3 28.
Bxb3 a2 29. Bxa2 Rxa2 30. Qb3 Ra1 31. Rxa1 Bxa1 32. Na7 Bf5 33. Rxb7 Be4 34.
Nc6 Qd6 {#} 35. Re7 Rxe7 36. Nxe7+ Qxe7 37. b7 Be5 38. b8=Q+ Bxb8 39. Qxb8+ Kg7
40. Qf4 Qf6 41. Qh6+ Kg8 42. h3 Qa1+ 43. Kh2 Qe5+ 44. Bf4 Qxd5 45. f3 Bd3 46.
Qh4 Qd4 47. Qg3 f6 48. Bb8 g5 49. Qe1 Kf7 50. Qa5 h5 51. f4 Kg6 52. fxg5 fxg5
53. Be5 Qe3 54. Qd5 Bc4 55. Qc6+ Kf5 56. Qf6+ Ke4 57. Bc7 Be2 58. Qe5+ Kd3 59.
Qd5+ Kc2 60. Qa2+ Kd3 61. Qb1+ Kc4 62. Qe1 Kb3 63. Kh1 Kc2 64. Kh2 Kb3 65. Qb1+
Kc4 66. Kh1 Kd5 67. Bh2 Qd2 68. Qb3+ Ke4 69. Qe6+ Kd3 70. Qf5+ Kc4 71. Bg1 Kb3
72. Qb1+ Kc4 73. Qe4+ Kb3 74. Qe6+ Kb2 75. Be3 Qd1+ 76. Kh2 g4 77. h4 g3+ 78.
Kxg3 Bg4 79. Qc4 Kb1 80. Kh2 Qd6+ 81. Bf4 Qd1 82. Be5 Qc2 83. Qa6 Qb3 84. Qf6
Kc2 85. Qf2+ Kd3 86. Qd4+ Kc2 87. Qe4+ Qd3 88. Qa4+ Qb3 89. Qc6+ Kd3 90. Qg6+
Ke2 91. Bf4 Qd3 92. Qb6 Kd1 93. Qb2 Qc2 94. Qd4+ Ke2 95. Qe3+ Kf1 96. Qg1+ Ke2
97. Qd4 Kf1 98. Qd5 Ke2 99. Qb5+ Kf2 100. Qb6+ Kf1 101. Qa6+ Qe2 102. Qb6 Qf2
103. Qb1+ Qe1 104. Qb5+ Be2 105. Qg5 Bg4 106. Bg3 Qe4 107. Qd2 {#} (107. Qd2
Qe2 108. Qc1+ Qd1 109. Qe3 Qe2 110. Qg1#) 1-0

[Event "19e Open de Saint-Affrique"]
[Site "Saint Affrique (12)"]
[Date "2011.07.28"]
[Round "7.6"]
[White "Bollengier, Andreea"]
[Black "Bedouin, Xavier"]
[Result "0-1"]
[WhiteElo "2207"]
[BlackElo "2410"]
[PlyCount "180"]
[EventDate "2011.??.??"]

1. c4 e5 2. g3 Nf6 3. Bg2 Nc6 4. a3 g6 5. Nc3 Bg7 6. Nf3 O-O 7. O-O d6 8. d3 h6
9. Rb1 Be6 10. Nd2 Qd7 11. b4 Bh3 12. b5 Bxg2 13. Kxg2 Nd4 14. e3 Ne6 15. e4 c6
16. Nf3 Nh5 17. Ng1 f5 18. f3 Nf6 19. bxc6 bxc6 20. Be3 d5 21. cxd5 cxd5 22.
Nxd5 Nxd5 23. exd5 Qxd5 24. Qb3 Rfd8 25. Ne2 a5 26. Rfc1 Qxb3 27. Rxb3 Ra6 28.
a4 Rd5 29. Rc8+ Kh7 30. Kf2 g5 31. Nc1 f4 32. Bd2 Rd4 33. Rc4 Rxc4 34. dxc4 Rc6
35. Rb5 Rxc4 36. Rxa5 Nc5 37. Ke2 Nxa4 38. Nd3 e4 39. fxe4 Rxe4+ 40. Kf3 Rd4 {#
} 41. Nb4 Rxd2 42. Rxa4 Rd4 43. h4 fxg3 44. hxg5 hxg5 45. Kxg3 g4 46. Ra5 Rxb4
47. Rg5 Kg8 48. Rxg4 Rb3+ 49. Kf4 Kf7 50. Kf5 Bf6 51. Ra4 Rb5+ 52. Kf4 Kg6 53.
Ke4 Re5+ 54. Kf4 Rh5 55. Ra6 Rh4+ 56. Kg3 Rb4 57. Ra5 Bd8 58. Rd5 Bc7+ 59. Kf3
Kf6 60. Rc5 Be5 61. Rc8 Kf5 62. Rf8+ Bf6 63. Ke3 Rb3+ 64. Kd2 Rh3 65. Kc2 Rf3
66. Re8 Rg3 67. Rf8 Ke6 68. Kd2 Bd4 69. Ke2 Kd5 70. Rd8+ Ke4 71. Re8+ Be5 72.
Rf8 Re3+ 73. Kd2 Rb3 74. Rc8 Rb6 75. Rc4+ Bd4 76. Rc8 Rb2+ 77. Rc2 Rb8 78. Rc7
Rg8 79. Re7+ Be5 80. Kc2 Kd4 81. Rd7+ Kc4 82. Kd2 Bd4 83. Ke2 Rf8 84. Rc7+ Bc5
85. Ke1 Rf5 86. Rb7 Bd4 87. Rb1 Kd3 88. Rd1+ Ke3 89. Rb1 Bc3+ 90. Kd1 Kd3 0-1

[Event "19e Open de Saint-Affrique"]
[Site "Saint Affrique (12)"]
[Date "2011.07.28"]
[Round "7.7"]
[White "Bissieres, Matthieu"]
[Black "Weill, Roland"]
[Result "1-0"]
[WhiteElo "2352"]
[BlackElo "2202"]
[PlyCount "97"]
[EventDate "2011.??.??"]

1. d4 Nf6 2. Nc3 d5 3. Bg5 Nbd7 4. Qd3 e6 5. e4 dxe4 6. Nxe4 Be7 7. Nxf6+ Bxf6
8. Bd2 c5 9. Bc3 cxd4 10. Bxd4 Qa5+ 11. c3 O-O 12. Bxf6 Nxf6 13. Qb5 Qc7 14.
Nf3 Bd7 15. Qe5 Qb6 16. Rb1 Bc6 17. Qe3 Be4 18. Qxb6 axb6 19. Ra1 Bxf3 20. gxf3
Nd5 21. Kd2 Rfd8 22. Kc2 Rac8 23. a3 Nf4 24. Rd1 Kf8 25. Rxd8+ Rxd8 26. Bc4 Ke7
27. Re1 Kf6 28. Re4 g5 29. Bf1 h5 30. a4 h4 31. Rb4 Rd6 {#} 32. a5 bxa5 33.
Rxb7 h3 34. c4 Ng2 35. Ra7 Ne1+ 36. Kc3 Nxf3 37. Bxh3 Nxh2 38. Rxa5 Nf3 39. Bg4
Nd2 40. f3 Kg6 41. c5 Rd8 42. Ra6 Kg7 43. Rd6 Rc8 44. Kxd2 Rxc5 45. Bh5 Rc4 46.
Rd7 Rf4 47. Rxf7+ Rxf7 48. Bxf7 Kxf7 49. Ke3 1-0

[Event "19e Open de Saint-Affrique"]
[Site "Saint Affrique (12)"]
[Date "2011.07.28"]
[Round "7.8"]
[White "Collas, Silvia"]
[Black "Adam, Etienne"]
[Result "1/2-1/2"]
[WhiteElo "2323"]
[BlackElo "2183"]
[PlyCount "25"]
[EventDate "2011.??.??"]

1. d4 d5 2. Nf3 Nf6 3. c4 c6 4. cxd5 cxd5 5. Nc3 Nc6 6. Bf4 a6 7. Rc1 e6 8. e3
Bd6 9. Bxd6 Qxd6 10. Be2 O-O 11. O-O b5 12. Ne1 Bb7 13. Nd3 1/2-1/2